000
00297nam a22001337a 4500
008
170128b xxu||||| |||| 00| 0 eng d
020
_a
9780697253811
041
_a
eng
080
_a
61
100
_a
3
101
_a
SHM
245
_a
HOLE'S HUMAN ANATOMY & PHYSIOLOGY
_c
SHIER, D
942
_2
udc
_c
BK
999
_c
3932
_d
3932